| 000 | 00370 a2200157 4500 | ||
|---|---|---|---|
| 001 | 74900 | ||
| 020 | _a9788508167524 | ||
| 040 | _cAnchieta - Colégio São Paulo | ||
| 100 | _aDante, Luiz Roberto | ||
| 240 | 1 | 0 |
_aProjeto múltiplo Matemática _lpor |
| 245 | 1 | 0 | _aProjeto múltiplo Matemática |
| 300 | _a96 | ||
| 362 | 0 | _a2014 | |
| 650 | 4 | _aMatemática | |
| 942 | _cBK | ||
| 999 |
_c74900 _d74900 |
||